000 00310nam a2200133Ia 4500
008 191201s2011 xx 000 0 und d
082 _a005.133
_bRAC
100 _aRAJARAMAN,V
245 0 _aComputer Programming in C
250 _aRep
260 _c2011
_bPHI
_aNEW DELHI
300 _a363
942 _2ddc
_cBK
_011
999 _c7765
_d7765